Kepler's Dream. (Record no. 161156)
[ view plain ]
| 000 -LEADER | |
|---|---|
| fixed length control field | 01106cam0a220026500 4500 |
| 001 - CONTROL NUMBER | |
| control field | lce00571666 |
| 008 - FIXED-LENGTH DATA ELEMENTS--GENERAL INFORMATION | |
| fixed length control field | 760802s1965 caua b 000 0 eng |
| 010 ## - LIBRARY OF CONGRESS CONTROL NUMBER | |
| LC control number | 64021775 //r84 |
| 035 ## - SYSTEM CONTROL NUMBER | |
| System control number | (Sirsi) r16879 |
| 035 ## - SYSTEM CONTROL NUMBER | |
| System control number | (DLC) 64021775 //r84 |
| 035 ## - SYSTEM CONTROL NUMBER | |
| System control number | (UPRA)lce00571666 |
| 040 ## - CATALOGING SOURCE | |
| Transcribing agency | Wa |
| 041 1# - LANGUAGE CODE | |
| Language code of text/sound track or separate title | eng unk |
| Language code of original | eng unk |
| 050 0# - LIBRARY OF CONGRESS CALL NUMBER | |
| Classification number | QB41.K422 |
| Item number | L4 |
| 082 ## - DEWEY DECIMAL CLASSIFICATION NUMBER | |
| Classification number | 523.3 |
| 100 1# - MAIN ENTRY--PERSONAL NAME | |
| Personal name | Lear, John. |
| Linkage | A74573.1 |
| 245 10 - TITLE STATEMENT | |
| Title | Kepler's Dream. |
| Statement of responsibility, etc. | With the full text and notes of Somnium, sive Astronomia lunaris Joannis Kepleri. Translated by Patricia Frueh Kirkwood. |
| 260 ## - PUBLICATION, DISTRIBUTION, ETC. | |
| Place of publication, distribution, etc. | Berkeley, |
| Name of publisher, distributor, etc. | University of California Press, |
| Date of publication, distribution, etc. | 1965. |
| 504 ## - BIBLIOGRAPHY, ETC. NOTE | |
| Bibliography, etc. note | Bibliographical footnotes. |
| 600 10 - SUBJECT ADDED ENTRY--PERSONAL NAME | |
| Personal name | Kepler, Johannes, 1571-1630. Somnium. |
| Dates associated with a name | Kepler, Johannes, 1571-1630. Somnium. |
| Title of a work | Kepler, Johannes, 1571-1630. Somnium. |
| Linkage | S52215.2 |
| 700 12 - ADDED ENTRY--PERSONAL NAME | |
| Personal name | Kepler, Johannes, 1571-1630. Somnium. English. 1965. |
| Dates associated with a name | Kepler, Johannes, 1571-1630. Somnium. English. 1965. |
| Title of a work | Kepler, Johannes, 1571-1630. Somnium. English. 1965. |
| Linkage | A74574.1 |
| 949 ## - LOCAL PROCESSING INFORMATION (OCLC) | |
| a | QB41.K422 |
| w | lcc |
| i | -12002 |
| m | MAIN |
| t | BOOK |
| l | ON-SHELF |
No items available.